• 首页
  • 本馆介绍
  • 公告通知
  • 最新文献
  • 馆藏检索
  • 电子资源
  • 读者导购
  • 参考咨询
  • 我的图书馆
  • 登录
  • 详细信息显示
  • 放入我的书架
  • 预约/预借图书
  • 作者相关作品
  • 分类相关作品
  • 丛书相关作品
  • 出版社相关作品

书目信息

  • 表格格式
  • 工作单格式
  • 卡片格式
书名: The U.S. legal system
作者: edited by Dennis Campbell and Winifred Hepperle.
分册号:
分册名:
出版地: The Hague ;
 
出版社: M. Nijhoff
出版时间: 1983.
页数: x, 319 p. ;
开本: 25 cm.
丛书名:
中图分类号:
科图分类号:
其他分类号: D971.2-62
主题词:
电子资源:
000 00982pam 2200301 a 4500
001 E0732302507
003 OCoLC
005 20070208085901.60
008 040415s1983 ne b 000 0 eng
010    @a 82019075
020    @a9024727820.
040    @aDLC@cDLC
043    @an-us---
050 00 @aKF386@b.U17 1983
082 0  @a347.73@a347.307 @2 19
090    @aG72/W10
090    @aD971.2-62
099    @dD971.2-62@ex7
245 04 @aThe U.S. legal system :@ba practice handbook / @cedited by Dennis Campbell and Winifred Hepperle.
260    @aThe Hague ;@aBoston :@bM. Nijhoff ;@aHingham, MA :@bDistributors for the U.S. and Canada, Kluwer Boston,@c1983.
300    @ax, 319 p. ;@c25 cm.
504    @aIncludes bibliographical references.
650  0 @aLaw@zUnited States.
700 1  @aCampbell, Dennis.
700 1  @aHepperle, Winifred L.
740 0  @aUS legal system.
740 0  @aUnited States legal system.
920    @a232010@z2
    
    The U.S. legal system : : a practice handbook / / edited by Dennis Campbell and Winifred Hepperle.-The Hague ; ; Boston : : M. Nijhoff ; ; Hingham, MA : : Distributors for the U.S. and Canada, Kluwer Boston, , 1983.
    x, 319 p. ; ; 25 cm.
    Includes bibliographical references.
    
    ISBN 9024727820.
    
●
相关链接 在E读中查询图书 在五车中查询图书 在当当中查询图书 在豆瓣中查询图书


正题名:U.S. legal system     索取号:D971.2-62/x7         预约/预借

序号 登录号 条形码 馆藏地/架位号 状态 备注
1 182532   001170191   第二样本阅览室/ [索取号:D971.2-62/x7] 在馆    
2 182533   001170075   第四借阅区/ [索取号:D971.2-62/x7] 在馆    
唐山师范学院图书馆 欢迎您!
大连网信软件有限公司© 版权所有